Mở đầu về lí thuyết xác suất và các ứng dụng Giáo trình dùng cho các trường đại học và cao đẳng

Trình bày các kiến thức cơ bản về biến cố và xác suất của biến cố, đại lượng ngẫu nhiên rời rạc, đại lượng ngẫu nhiên liên tục, đại lượng ngẫu nhiên liên tục nhiều chiều, luật số lớn và các định lí giới hạn

Wedi'i Gadw mewn:
Manylion Llyfryddiaeth
Prif Awdur: Đặng Hùng Thắng
Fformat: Llyfr
Iaith:Vietnamese
Cyhoeddwyd: H. Giáo dục 2011
Rhifyn:Tái bản lần thứ 6
Pynciau:
Tagiau: Ychwanegu Tag
Dim Tagiau, Byddwch y cyntaf i dagio'r cofnod hwn!
Thư viện lưu trữ: Mạng thư viện Đại học Đà Nẵng
LEADER 01557aam a22003498a 4500
001 000016425
003 12827
005 20121102081132.0
008 121102s2011 viesd
020 |c 25000đ  |d 1500b 
041 0 |a vie 
082 1 4 |2 14  |a 519.2  |b ĐĂ-T 
100 1 |a Đặng Hùng Thắng 
245 1 0 |a Mở đầu về lí thuyết xác suất và các ứng dụng  |b Giáo trình dùng cho các trường đại học và cao đẳng  |c Đặng Hùng Thắng 
250 |a Tái bản lần thứ 6 
260 |a H.  |b Giáo dục  |c 2011 
300 |a 219tr.  |b hình vẽ, bảng  |c 21cm 
504 |a Phụ lục: tr. 192-215. - Thư mục: tr. 216 
520 |a Trình bày các kiến thức cơ bản về biến cố và xác suất của biến cố, đại lượng ngẫu nhiên rời rạc, đại lượng ngẫu nhiên liên tục, đại lượng ngẫu nhiên liên tục nhiều chiều, luật số lớn và các định lí giới hạn 
650 7 |2 Bộ TKTVQG  |a Lí thuyết xác suất 
650 7 |2 Bộ TKTVQG  |a Ứng dụng 
655 7 |2 Bộ TKTVQG  |a Giáo trình 
OWN |a LSP 
AVA |a UDN50  |b LSP  |d 519.2 ĐĂ-T  |e check_holdings  |t Error 5003 Not defined in file expand_doc_bib_avail.  |h N  |k 1 
999 |a From the UDN01 
AVA |a UDN50  |b LSP  |d 519.2 ĐĂ-T  |e available  |t Error 5001 Not defined in file expand_doc_bib_avail.  |f 25  |g 0  |h N  |i 1  |k 1 
TYP |a Monograph 
TYP |a Printed language 
980 |a Mạng thư viện Đại học Đà Nẵng